The Tragedy of Apartheid / (Record no. 187516)
[ view plain ]
| 000 -LEADER | |
|---|---|
| fixed length control field | 00841 a2200169 4500 |
| 003 - CONTROL NUMBER IDENTIFIER | |
| control field | Nust |
| 005 - DATE AND TIME OF LATEST TRANSACTION | |
| control field | 20230206125000.0 |
| 040 ## - CATALOGING SOURCE | |
| Transcribing agency | Nust |
| 082 ## - DEWEY DECIMAL CLASSIFICATION NUMBER | |
| Classification number | 968,PHI |
| 100 ## - MAIN ENTRY--PERSONAL NAME | |
| Personal name | Philips, Norman |
| 9 (RLIN) | 108669 |
| 245 ## - TITLE STATEMENT | |
| Title | The Tragedy of Apartheid / |
| Statement of responsibility, etc. | Norman Phillips |
| 260 ## - PUBLICATION, DISTRIBUTION, ETC. | |
| Place of publication, distribution, etc. | London |
| Name of publisher, distributor, etc. | George Allen & Unwin Ltd |
| Linkage | 1961 |
| 300 ## - PHYSICAL DESCRIPTION | |
| Extent | 218:p |
| 505 ## - FORMATTED CONTENTS NOTE | |
| Formatted contents note | Sharpeville (Page-3), Background (Page-16), Eyewitness to Apartheid (Page-28), Zulu Chief (Page-39), Letter to a Teen-age Daughter (Page-52), The Angry Young Men (Page-57), Drum (Page-69), Forms (Page-83), School (Page-95), Churches (Page-108), Verwoerd (Page-122), Broderbund (Page-135), Police State (page-147), The Agony of Nyanja (Page-161), Parliament (Page-174), Arrest (Page-183), Jail and After (Page-191), Conclusion (Page-208). |
| 650 ## - SUBJECT ADDED ENTRY--TOPICAL TERM | |
| Topical term or geographic name entry element | Africa Riots |
| 9 (RLIN) | 108670 |
| 942 ## - ADDED ENTRY ELEMENTS (KOHA) | |
| Source of classification or shelving scheme | |
| Koha item type | Book |
| Withdrawn status | Lost status | Source of classification or shelving scheme | Damaged status | Not for loan | Permanent Location | Current Location | Shelving location | Date acquired | Full call number | Barcode | Date last seen | Price effective from | Koha item type | Public note |
|---|---|---|---|---|---|---|---|---|---|---|---|---|---|---|
| Military College of Signals (MCS) | Military College of Signals (MCS) | General Stacks | 12/12/2016 | 968,PHI | MCS29473 | 12/08/2016 | 12/12/2016 | Book | Almirah No.62, Shelf No.5 |
